Click the Island by Name - Statistics

General Stats
  • This quiz has been taken 4,714 times
  • The average score is 19 of 26
Answers on the Map
Answers color-coded by a green-red scale on the quiz's map according to % correct below.
 
Answer Stats
Answer % Correct
Great Britain
98%
Greenland
97%
Sri Lanka
96%
Iceland
95%
Madagascar
95%
Cuba
93%
Ireland
91%
New Guinea
86%
Tasmania
86%
South Island
80%
Hispaniola
79%
Borneo
78%
Honshu
78%
Baffin
72%
Sumatra
71%
Java
70%
Sulawesi
68%
North Island
67%
Newfoundland
63%
Victoria
63%
Sakhalin
61%
Hokkaido
56%
Luzon
54%
Mindanao
45%
Ellesmere
38%
Banks
35%
No matching quizzes found
Score Distribution
Percent of People with Each Score
Percentile by Number Answered
Your Score History
You have not taken this quiz